Cargando...
The bhagavata purana/
| Autor principal: | |
|---|---|
| Formato: | Printed Book |
| Lenguaje: | English |
| Publicado: |
Delhi:
Ajanta Books,
1984.
|
| Materias: |
| LEADER | 00504 a2200157 4500 | ||
|---|---|---|---|
| 008 | 150103s9999 000 0 eng | ||
| 082 | |a 294.5925 | ||
| 100 | |a Dang, S. S. | ||
| 245 | |a The bhagavata purana/ | ||
| 260 | |a Delhi: |b Ajanta Books, |c 1984. | ||
| 300 | |a 306 p. | ||
| 650 | |a Bhagavata | ||
| 653 | |a Puranas | ||
| 942 | |c BK | ||
| 999 | |c 306912 |d 306912 | ||
| 952 | |0 0 |1 0 |2 ddc |4 0 |6 294_592500000000000_DAN_BH |7 0 |9 352085 |a DRA |b DRA |c ST1 |d 2013-05-24 |i 4555 |l 0 |o 294.5925 DAN/BH |p DRA4555 |r 2019-01-03 |v 150.00 |w 2019-01-03 |y BK | ||